000 00326 a2200109 4500
001 ART_28127
005 20260410161951.0
008 260409a
245 1 0 _aCentral banks and price stability
100 1 _aBlejer, Mario I.
773 0 _tJournal of applied economics
_g- Vol. 1, NÂș 1 (nov. 1998)
_wREV28044
999 _c30374
_d30374